Statistiques concernant Gares des Bouches du Rhône

Cliquez ici pour prendre le quiz!

Statistiques générales

  • Ce quiz a été pris 120 fois
  • Le résultat moyen est 24 sur 44

Statistiques - réponses

Nombre de voyageursGares% Correct
13 663 784Marseille Saint Charles
96%
424 347Marseille Blancarde
91%
769 147Aix en Provence
89%
3 597 729Aix en Provence TGV
86%
504 549La Ciotat
86%
617 949Miramas
86%
646 535Arles
84%
256 460Cassis
83%
935 040Aubagne
82%
54 825Istres
82%
41 142Martigues
79%
213 132Salon
78%
570 757Vitrolles Aéroport Marseille Provence
74%
60 832L'Estaque
70%
414 788Gardanne
68%
7 327Fos sur Mer
64%
63 931Sausset les Pins
59%
73 731Carry le Rouet
58%
33 061Saint Antoine
54%
44 933Port de Bouc
53%
83 479Saint Martin de Crau
51%
5 903La Pomme
50%
42 045Arenc Euroméditérranée
47%
24 987Septèmes
47%
29 873Niolon
46%
65 286La Penne sur Huveaune
45%
20 576Saint Marcel
45%
55 461Meyrargues
41%
24 934Sénas
39%
196 633Tarascon sur Rhône
38%
205 256Rognac
37%
64 155Saint Chamas
37%
9 489Orgon
36%
149 888Simiane
36%
30 637Lamanon
29%
3 197Picon Busserine
29%
8 554La Barasse
26%
41 776La Redonne - Ensuès
26%
111 945Pas des Lanciers
25%
24 839Sainte Marthe
24%
3 693Croix Sainte
21%
21 672La Couronne - Carro
20%
2 946Rassuen
20%
4 822Saint Joseph le Castellas
18%

Distribution des résultats

Percentile par nombre de réponses

% des personnes avec chaque résultat

Votre développement - résultats

Vous n’avez pas pris ce quiz